000 00890nam a22002297a 4500
999 _c13429
_d13429
008 190314b ||||| |||| 00| 0 eng d
020 _a9781785602375
082 _22015
_aAV-Eb 658
_bJ117
100 _aJaakkola, Elina.
_937570
245 _aCo-creating service experience /
_cElina Jaakkola, Anu Helkkula, and Leena Aarikka-Stenroos.
260 _bEmerald Publishing Limited,
_c©2015.
300 _a167 pages;
440 _aJournal of Service Management: Volume 26, Issue 2
_937571
500 _aIncludes index.
650 _aManagement.
_937572
650 _aService industries -- Management -- Periodicals.
_937573
650 _aService industries -- Management.
_937574
700 _aHelkkula, Anu.
_937575
700 _a Aarikka-Stenroos, Leena .
_937576
856 _yhttps://ebookcentral.proquest.com/lib/uniofmindanao-ebooks/detail.action?docID=2058245
942 _2ddc
_cEB